000 00876nam a2200265 i 4500
001 22121
003 ES-MaACL
005 20251122063107.0
007 t|
008 141112s2009 sp ||||1| spa d
020 _a978-84-92654-19-2
080 _a159.955
080 _a159.95
100 1 _aBlanco, Carlos,
_d1986-
_9154919
245 1 0 _aPotencia tu mente
_b: los consejos de un superdotado para emplear mejor tus capacidades /
_cCarlos Blanco.
250 _a1ª ed.
260 _aMadrid :
_bLibroslibres,
_c2009.
300 _a243 p. :
_bil. ;
_c23 cm.
650 4 _aInteligencias múltiples.
_9155885
650 4 _aDisciplina mental.
_9155886
852 _aES-MaACL
_jA-13310
_922914
_bR.150178
_cDEPO1
_dOlim: N-6310
_hDonación: Roberto Terán
903 _9234544
_aTerán Martínez, Roberto
_ednr
942 _2udc
_cMONOGRAFIA
999 _c22121
_d22121